Tekken 3 Characters - Statistics

General Stats
  • This quiz has been taken 127 times
  • The average score is 17 of 21
Answer Stats
Description Character % Correct
Brazilian capoeira fighter Eddy Gordo
98%
Vengeful grandson Jin Kazama
93%
Son of Marshall, friend of Paul Forest Law
92%
Blonde Irish assassin Nina Williams
92%
Mechanized space ninja Yoshimitsu
91%
Host of the tournament Heihachi Mishima
90%
Masked wrestler King
90%
Hi-top wearing judo biker Paul Phoenix
90%
Jackie Chan look-alike policeman Lei Wulong
88%
Ancient God of Fighting Ogre
84%
Tae Kwon Do ginger Hwoarang
82%
Redheaded Irish assassin Anna Williams
81%
Cyborg kickboxer Bryan Fury
80%
Tiny dinosaur Gon
80%
Daughter of Michelle Chang Julia
78%
Wooden dummy Mokujin
76%
Chinese teenager Ling Xiaoyu
75%
Transformed God of Fighting True Ogre
74%
Old and silly genius Dr. Bosconovitch
69%
Russian android Gun Jack
66%
Fighter of the Ursidae family Kuma or Panda
63%
No matching quizzes found
Score Distribution
Percent of People with Each Score
Percentile by Number Answered
Your Score History
You have not taken this quiz